pays cuisine - Statistiques

Statistiques générales
  • Ce quiz a été pris 68 fois
  • Le résultat moyen est 5 sur 8
Statistiques - réponses
Réponse % Correct
1 France
98%
8 Japon
87%
4 Etats Unis
75%
6 Maroc
59%
7 Algerie
52%
2 Royaume Uni
49%
5 Allemagne
46%
3 Inde
44%
Aucun quiz correspondant
Distribution des résultats
% des personnes avec chaque résultat
Percentile par nombre de réponses
Votre historique - résultats
Vous n’avez pas pris ce quiz